000 00675nam a22002417a 4500
003 UA-OsUOA
001 42018
007 ta
008 20081116b un ||||| |||| 00| 0 ukr d
100 _aЛабынцев Юрий
700 _aЩавинская Лариса
090 _a908(477)
_bЛ12
942 _cBR
040 _aUA-OsUOA
_brus
_cUA-OsUOA
_dUA-OsUOA
245 _aКняжное наследие Острожской академии в культуре Москвы и Росии
300 _a48 с.
955 _a1
041 _arus
080 _a908(477)
260 _aМосква
_c2008
650 7 _a908 Краєзнавство
_2UDC
999 _c440518
_d440518